000 00186 a2200097 4500
001 15550
100 _aHailey, A
245 _aOverload
260 _a
_bPan Book
_c
090 _c12133
_d12133
942 _aNUST-CAE
_c
_c2374
999 _c250623
_d250623